| 000 | 00853nam a22002537a 4500 | ||
|---|---|---|---|
| 005 | 20170123162339.0 | ||
| 010 | _aA-798198 | ||
| 020 | _c50.00 | ||
| 035 | _aA-798198 | ||
| 037 | _bCen Lib/Ret | ||
| 040 |
_aDPL _bUR |
||
| 082 |
_a840.4 _bم ح م |
||
| 100 |
_aمحمّد شرف الدین ساحل _9126276 |
||
| 245 |
_aقطرہ قطرہ / _cمحمّد شرف الدین ساحل |
||
| 246 |
_aQatra qatra / _bby M. Sharfuddin Sahil |
||
| 260 |
_aناگپور _bعلیم پرنٹرز _c1996 |
||
| 270 |
_bناگپور _aسلمان فائن آرٹ مومن پورا |
||
| 300 |
_a152p. _c21cm(Hb) |
||
| 650 |
_a ادب - اردو _9126277 |
||
| 650 |
_aاردو مطالع -- اداریہ _9110826 |
||
| 650 |
_aLiterature -- Urdu _9126278 |
||
| 650 |
_aUrdu Mutala _9126279 |
||
| 942 |
_2ddc _cUR _h840.4 _mم ح م |
||
| 999 |
_c108380 _d108380 |
||